| 000 | 00969nam a2200217Ia 4500 | ||
|---|---|---|---|
| 999 |
_c37702 _d37702 |
||
| 001 | 3675 | ||
| 003 | GE_BSU | ||
| 005 | 20190524172530.0 | ||
| 008 | 181216s1977||||ge |||||||||||||| ||geo|| | ||
| 040 | _cGE_BSU | ||
| 041 | _ageo | ||
| 080 | _a530.12(072) რ–97 | ||
| 100 |
_aრუხაძე,ა. _91549 |
||
| 245 |
_aველის თეორიისა და ტენზორული აღრიცხვის ელემენტები : დამხმ. სახელმძღ. / _cა. რუხაძე ; რედ : ე.კირვალიძე . |
||
| 264 |
_aთბილისი : _bსპი, _c1977. |
||
| 300 |
_a100 გვ .: _c20 სმ. |
||
| 653 | _aველის თეორიისა და ტენზორული აღრიცხვის ელემენტები. | ||
| 653 | _aფიზიკა | ||
| 700 |
_aკირვალიძე, ე _eრედაქტორი _91594 |
||
| 942 |
_cBK _2udc |
||